[Event "European Blitz-ch 2018"]
[Site "Skopje"]
[Date "2018.12.06"]
[Round "4"]
[White "Artemiev, Vladislav"]
[Black "Petkidis, Anthony"]
[Result "0-1"]
[WhiteElo "2709"]
[BlackElo "2375"]
[Annotator "TA"]
[PlyCount "64"]
[EventDate "2018.12.06"]
[EventType "swiss"]
[EventCountry "MKD"]

{[%evp 20,64,28,20,26,15,29,27,35,14,16,20,20,24,17,-62,-22,-18,0,0,0,0,0,-22,0,0,10,-12,7,7,7,-22,-14,-26,-11,-12,-17,-425,0,-78,-82,-1015,-1026,-1018,-1014,-5606,-5561]} 1. e4 c6 2. d4 d5 3. e5 Bf5 4. Nd2 e6 5. Nb3 Nd7 6. Nf3 Ne7 {[%cal Bg8e7,Be7c8,Bc8a7,Ba7b5][%mdl 32] B12: Caro-Kann: Advance Variation} 7. Be2 Nc8 8. O-O Be7 9. a4 O-O 10. a5 a6 11. c4 {LiveBook: 29 Games} dxc4 12. Bxc4 Na7 13. Qe2 Nb5 14. Rd1 {[#]} Nc7 $146 15. Nfd2 b5 16. axb6 $1 Nxb6 17. Bxa6 (17. Na5 $11) 17... Nxa6 18. Rxa6 Qc7 19. Nc5 Rxa6 20. Nxa6 Qa7 21. Nc5 Nd5 22. Nde4 Rb8 23. Bg5 Bxc5 24. Nxc5 Qa2 25. Qf3 Qxb2 {And now ...Nc3 would win.} 26. h3 h6 27. Be3 Ra8 28. Qg3 $2 {[%mdl 8192] [#]} (28. Ne4 $11 {and White has nothing to worry.}) 28... Ra3 $2 (28... Nc3 $19 29. Rd2 Ra1+ 30. Kh2 Qb1) 29. Kh2 (29. Bc1 $11 {remains equal.} Qe2 30. Qxa3 Qxd1+ 31. Kh2) 29... Qe2 $36 {[%mdl 2048] Black is on the roll.} 30. Rc1 $2 {[%mdl 8192]} (30. Qf3 $17 Qxf3 31. gxf3) 30... Nxe3 $19 {Black is clearly winning.} 31. fxe3 Rxe3 32. Qh4 Rxh3+ {Precision: White = 22%, Black = 43%.} 0-1

[Event "European Blitz-ch 2018"]
[Site "Skopje"]
[Date "2018.12.06"]
[Round "4"]
[White "Ragger, Markus"]
[Black "Degtiarev, Evgeny"]
[Result "1/2-1/2"]
[WhiteElo "2687"]
[BlackElo "2392"]
[Annotator "TA"]
[PlyCount "78"]
[EventDate "2018.12.06"]
[EventType "swiss"]
[EventCountry "MKD"]

{[%evp 14,78,18,0,35,35,33,39,35,18,30,45,39,22,79,22,31,37,31,25,60,52,42,43,58,53,79,79,73,71,132,124,125,114,134,95,110,95,141,124,134,128,124,132,143,145,103,0,0,0,0,0,0,0,0,0,0,0,0,0,0,0,0,0,0,0,0]} 1. e4 e5 2. Nf3 Nc6 3. Bc4 Bc5 4. c3 Nf6 5. d3 d6 6. O-O a5 {C54: Giuoco Piano: 4 c3 Nf6, main lines with 5 d4 and 5 d3} 7. Re1 O-O 8. Bg5 {[%cal Bc1g5,Bg5h4,Bh4g3,Bg3h2][%mdl 32] LiveBook: 6 Games} Be6 $146 (8... h6 $5 {[%cal Rh6g5]} 9. Be3 Bxe3 10. Rxe3 d5 11. exd5 Nxd5 12. Bxd5 Qxd5 $15) ({Predecessor:} 8... h6 9. Bh4 g5 10. Bg3 Ba7 11. Na3 Bg4 12. h3 Bh5 13. Nc2 Bg6 14. Bh2 Nh5 15. d4 {1-0 (36) Giri,A (2790)-Eljanov,P (2765) Stavanger 2016}) 9. Bb5 h6 10. Bh4 g5 11. Bg3 Bg4 12. h3 Bh5 13. Nbd2 Ne8 (13... Na7 $11 14. Ba4 b5) 14. Nf1 (14. Bxc6 $16 bxc6 15. Qa4) 14... Ng7 $11 15. Bh2 f5 16. exf5 $1 Bxf3 17. Qxf3 {Threatens to win with g4.} Rxf5 18. Qd5+ Kh8 19. Ne3 Rf8 20. Bxc6 bxc6 21. Qxc6 {Black must now prevent Bxe5!} Rb8 ({Black should play} 21... Qe8 22. Qe4 Qf7) 22. Bxe5 $16 Bxe3 23. Bxg7+ $1 ({But not} 23. Rxe3 $6 dxe5 24. Qxh6+ Kg8 $11) 23... Kxg7 24. fxe3 Rxb2 25. Rf1 Rxf1+ 26. Rxf1 {[%mdl 4096] Endgame KQR-KQR} Qe7 27. e4 $1 Rxa2 {[#]} 28. Qd5 $1 {[%cal Rd5a2]} Rd2 {[#]} 29. h4 $1 a4 30. Qf5 (30. hxg5 $16 {aiming for Rf6.} hxg5 31. Rf5 Rd1+ 32. Kf2 Rd2+ 33. Kf1 Rd1+ 34. Ke2) 30... a3 {The position is equal.} ({Avoid the trap} 30... gxh4 $2 31. Rf4 $18) 31. h5 {Strongly threatening Qg6+.} Qe8 32. Qf6+ $40 {[%mdl 128] Black needs to defend precisely.} Kh7 33. Qf5+ Kg7 34. e5 dxe5 35. Qf6+ Kh7 36. Qf5+ Kg7 37. Qf6+ Kh7 38. Qf5+ Kg7 39. Qf6+ Kh7 {Accuracy: White = 80%, Black = 55%.} 1/2-1/2

[Event "European Blitz-ch 2018"]
[Site "Skopje"]
[Date "2018.12.06"]
[Round "4"]
[White "Laznicka, Viktor"]
[Black "Jovic, Stanoje"]
[Result "1-0"]
[WhiteElo "2675"]
[BlackElo "2240"]
[Annotator "TA"]
[PlyCount "61"]
[EventDate "2018.12.06"]
[EventType "swiss"]
[EventCountry "MKD"]
[SourceTitle "playchess.com"]
[Source "ChessBase"]
[SourceQuality "1"]

{[%evp 16,61,-9,-33,0,-2,6,0,35,-11,20,-16,-2,-25,-8,-22,23,-43,15,-1,-15,4,-7,-10,0,-33,-32,-43,-47,-32,-27,-15,0,0,0,0,0,-20,61,40,172,163,811,785,1512,1477,1404,1381]} 1. d4 Nf6 2. Bf4 e6 3. e3 c5 4. Nf3 Nc6 5. c3 d5 6. Nbd2 Bd6 7. Bg3 O-O 8. Ne5 {D02: 1 d4 d5 2 Nf3 sidelines, including 2...Nf6 3 g3 and 2...Nf6 3 Bf4} (8. Bb5 Be7 9. Bd3 b6 10. O-O Bb7 11. h3 Bd6 12. Bh4 Be7 13. Qb1 h6 14. a3 Nh5 15. Bxe7 Qxe7 {½-½ (64) Carlsen,M (2837)-Wang,H (2709) Riadh 2017}) 8... Qc7 9. f4 {LiveBook: 16 Games} a6 10. Bd3 {The position is equal.} b5 11. Bh4 {[#] Threatens to win with Bxf6.} Be7 12. Qc2 $146 ({Predecessor:} 12. O-O Bb7 13. Rc1 Nxe5 14. fxe5 Ne4 15. Bxe7 Qxe7 {0-1 (35) Ruiz Carmona,L-Moraga,M (1712) Managua 2017}) 12... g6 13. O-O Bb7 14. Rf3 Rac8 15. Qd1 b4 16. Rg3 ({Better is} 16. Rh3 $11) 16... Nxe5 ({Black should play} 16... Ne4 $15 17. Bxe7 Nxe7 18. Nxe4 dxe4) 17. fxe5 Ne4 {[%mdl 64] [#] Double Attack} 18. Bxe7 Qxe7 19. Bxe4 dxe4 20. Nc4 cxd4 21. Qxd4 bxc3 22. bxc3 f5 23. Nd6 Rc7 24. Rb1 Rd8 25. c4 Bc6 26. Rh3 Be8 (26... h5 $11) 27. g4 $1 $14 {[%cal Bg2g4,Bg4f5][%mdl 32]} Qg5 (27... h5 $14) 28. Rg3 $36 {[%mdl 2048] Strongly threatening gxf5. White has strong initiative.} h5 $2 (28... fxg4 29. Rf1 (29. Qxe4 Rc5 $11) 29... h5) 29. gxf5 {White is clearly winning.} Qh4 30. f6 Kh7 31. Qb6 {Accuracy: White = 41%, Black =  9%.} 1-0

[Event "European Blitz-ch 2018"]
[Site "Skopje"]
[Date "2018.12.06"]
[Round "4"]
[White "Guseinov, Gadir"]
[Black "Novoselski, Zoran"]
[Result "1-0"]
[WhiteElo "2664"]
[BlackElo "2339"]
[Annotator "TA"]
[PlyCount "63"]
[EventDate "2018.12.06"]
[EventType "swiss"]
[EventCountry "MKD"]
[SourceTitle "playchess.com"]
[Source "ChessBase"]
[SourceQuality "1"]

{[%evp 14,63,52,16,33,28,24,27,32,24,145,144,159,154,180,180,172,162,170,162,179,170,188,189,219,216,208,211,216,219,198,201,196,206,231,156,260,256,300,298,268,230,378,360,462,463,443,461,456,454,467,462]} 1. e4 e5 2. Nf3 Nc6 3. Bb5 a6 4. Bxc6 dxc6 5. O-O Bd6 6. c3 f6 7. d4 Bg4 8. dxe5 {LiveBook: 7 Games. C69: Ruy Lopez: Exchange Variation with 5 0-0 f6} (8. Nbd2 Ne7 9. h3 Be6 10. dxe5 fxe5 11. Ng5 Qd7 12. Nxe6 Qxe6 13. Qg4 Qf7 14. Nf3 h6 15. Be3 Ng8 16. Nh4 {1-0 (69) Guseinov,G (2646)-Jumabayev,R (2612) Riadh 2017}) 8... Bxe5 $146 ({Predecessor:} 8... fxe5 9. Qd3 Qe7 10. Bg5 Nf6 11. Nbd2 h6 12. Be3 O-O 13. Nh4 Qf7 14. Ndf3 g5 15. Nf5 Bxf5 16. exf5 {0-1 (28) Kammann,A (1360)-Kuhn,D (1772) Landau 2018}) 9. Qxd8+ Rxd8 10. Nxe5 {White has an edge.} fxe5 11. Nd2 Be2 (11... Ne7 $11 {remains equal.}) 12. Re1 $16 Bd3 13. Nf3 Nf6 14. Nxe5 O-O 15. Nxd3 Rxd3 16. f3 Nd7 17. Be3 Ne5 18. Bd4 Ng6 19. Rad1 Rxd1 20. Rxd1 $18 {[%mdl 4096] Endgame KRB-KRN} Rd8 {Threatening ...c5.} 21. Rd2 Ne5 22. Be3 Rxd2 23. Bxd2 {KB-KN} Kf7 24. Kf1 Ke6 (24... c5 $16 25. Ke2 Ke6) 25. Ke2 c5 26. Bf4 Nc4 27. b3 ({Resist} 27. Bxc7 $6 Nxb2 28. f4 Na4 $16) 27... Na3 (27... Nd6 $142 28. c4 c6) 28. Bxc7 c4 29. Ba5 {White is clearly winning.} cxb3 30. axb3 Nb5 31. Kd3 Nd6 32. c4 {Accuracy: White = 71%, Black = 30%.} 1-0

[Event "European Blitz-ch 2018"]
[Site "Skopje"]
[Date "2018.12.06"]
[Round "4"]
[White "Anton Guijarro, David"]
[Black "Marjanovic, Dejan"]
[Result "1/2-1/2"]
[WhiteElo "2642"]
[BlackElo "2400"]
[Annotator "TA"]
[PlyCount "146"]
[EventDate "2018.12.06"]
[EventType "swiss"]
[EventCountry "MKD"]
[SourceTitle "playchess.com"]
[Source "ChessBase"]
[SourceQuality "1"]

{[%evp 20,146,42,23,84,59,106,-26,-23,-9,-10,-85,-90,-81,-59,-112,-108,-170,-86,-78,-85,-89,-33,-39,-42,-27,-30,-59,-22,-18,-29,-33,-6,-94,-93,-97,-95,-89,-91,-91,-89,-98,-90,-94,-89,-89,-91,-109,-92,-92,-87,-72,0,-97,-92,-94,-91,-72,-80,-91,-95,-157,-160,-149,-108,-115,-65,-176,-157,-138,-107,-193,-112,-258,-251,-279,-279,-265,-271,-276,-270,-247,-136,-157,0,-206,-96,-89,-31,-21,-28,-94,-17,-89,-10,-29,-29,-45,-44,-425,-431,-423,-342,-296,-4,-4,-4,-4,0,-11,-11,-20,0,0,0,-29,0,-29,0,-31,-29,-29,-29,-29,-37,-37,0,0,0]} 1. Nf3 Nf6 2. b3 g6 3. Bb2 Bg7 4. g3 O-O 5. Bg2 d6 6. d4 c5 7. c4 cxd4 8. Nxd4 d5 {E60: King's Indian: Unusual lines and Fianchetto Variation without Nc3} 9. cxd5 Nxd5 {[%cal Bf6d5,Bd5b4,Bb4d3][%mdl 32]} 10. O-O Nb4 11. Na3 {LiveBook: 13 Games} N8a6 $146 (11... Qd7 $11) ({Predecessor:} 11... N8c6 12. Nxc6 Nxc6 13. Bxg7 Kxg7 14. Bxc6 bxc6 15. Qc1 Qd6 16. Qc3+ {1-0 (71) Rakhmanov,A (2655)-Triapishko,O (2530) Batumi 2018}) 12. Nc4 $16 Nc5 13. a3 (13. Qd2 $16 Nbd3 14. Nc6 (14. exd3 Bxd4 15. Rac1 Be6 $14) 14... bxc6 15. Bxg7 (15. exd3 Bxb2 16. Nxb2 Bf5 $14) 15... Kxg7 16. exd3) 13... Nbd3 $1 $11 {[%cal Rd3b2]} 14. exd3 Bxd4 15. Qc2 (15. Bxd4 $11 Qxd4 16. Ne5) 15... Bf5 $17 16. Be4 Bh3 ({Reject} 16... Nxe4 $6 17. dxe4 Bxb2 18. Rad1 $11) 17. Rfe1 (17. Rfd1 $1 $15) 17... Rc8 18. a4 (18. Bxd4 $17 {was worth a try.} Qxd4 19. Qe2) 18... b6 (18... Bxb2 $19 19. Qxb2 f5) 19. Rad1 Bg4 20. Rd2 Ne6 (20... Qd7 $17) 21. Bg2 $15 Bxb2 22. Qxb2 Nd4 {[%cal Be6d4,Bd4f5,Bf5d6][%mdl 32]} 23. Re3 Be6 24. Re4 Nf5 25. h4 Bd5 26. Re5 (26. Bh3 $11) 26... Bxg2 $17 27. Kxg2 f6 $36 {[%mdl 2048] White is under strong pressure.} 28. Re4 e5 29. Ne3 Nd6 30. Rg4 f5 31. Rb4 a5 32. Rc4 Nxc4 33. dxc4 Qe7 34. Nd5 Qe6 35. Re2 Rfe8 (35... e4 $17 36. Qd2 Rc6) 36. Qd2 (36. f4 $1 $11 {keeps the balance.}) 36... Rcd8 37. Qg5 Rxd5 38. cxd5 Qxd5+ {[%mdl 4160] [#] Endgame Double Attack. KQR-KQR} 39. Kh2 Qxb3 40. Qf6 ({Better is} 40. Rd2) 40... Qe6 41. Qg5 Kg7 42. Rc2 Re7 {[#]} 43. Rd2 (43. Rc6 $1 $15 {[%mdl 512]} Qxc6 44. Qxe7+ Kg8 45. Qxe5) 43... h6 44. Qe3 Qf6 45. Qc3 (45. Rb2 $17) 45... e4 (45... f4 $19 46. Rb2 h5) 46. Qc8 (46. Qa3 $17) 46... f4 $19 47. Rd8 fxg3+ 48. fxg3 Rf7 49. Rd7 Qf2+ 50. Kh1 Qf1+ 51. Kh2 Qf2+ 52. Kh1 Qf5 (52... Qxg3 $19 {has better winning chances.} 53. Rxf7+ Kxf7 54. Qc4+ Kf6 55. Qxe4 Qe5 56. Qf3+ Ke6 57. Qh3+ Ke7 58. Qa3+ Qc5) 53. Qc3+ Kh7 (53... Kg8 $17 {( -> ...Qh3+)} 54. Rd8+ Rf8 55. Qb3+ Kg7 56. Rxf8 Kxf8) 54. Rxf7+ $15 Qxf7 {KQ-KQ} 55. Qe5 (55. Qc6 $11) 55... Qb7 (55... Qd7 $17 {White should prevent ...Qc6.} 56. Kg1 Qxa4 57. Qe7+ Kg8 58. Qe6+ {[%mdl 64] Double Attack} Kf8 59. Qf6+ Ke8 60. Qxg6+ Kd7 61. Qxb6 Qd1+ 62. Kg2 Qd2+ 63. Kh3 Qd5) 56. Kh2 (56. Qe6 $11 {remains equal.}) 56... h5 ({Black should try} 56... Qc6 $17 {Black wants to play ...h5.} 57. Qf4 Qc4) 57. Qe6 Kg7 58. Qe5+ Kf7 59. Kg1 $2 {[%mdl 8192]} (59. Qf4+ $15 Ke6 60. Qh6) 59... Qc6 $19 60. Qf4+ Ke7 61. Qe5+ Qe6 $2 (61... Kd8 $19 {aiming for ...Qc5+.} 62. Qd4+ Kc7) 62. Qc7+ $11 Kf6 63. Qf4+ Ke7 {Hoping for ...Kd7.} 64. Qc7+ Ke8 {Threatening ...e3.} 65. Qb8+ Kd7 {White must now prevent ...Kc6.} 66. Qb7+ Ke8 67. Qb8+ Ke7 {...Qd6 is the strong threat.} 68. Qc7+ Kf6 69. Qf4+ Kg7 70. Qc7+ Kh6 {And now ...g5 would win.} 71. Qf4+ Kh7 72. Qc7+ $1 Kh8 73. Qd8+ Kg7 {Accuracy: White = 36%, Black = 43%.} 1/2-1/2

[Event "European Blitz-ch 2018"]
[Site "Skopje"]
[Date "2018.12.06"]
[Round "4"]
[White "Fridman, Daniel"]
[Black "Papakonstantinou, Dimitrios"]
[Result "1-0"]
[WhiteElo "2633"]
[BlackElo "2308"]
[Annotator "TA"]
[PlyCount "69"]
[EventDate "2018.12.06"]
[EventType "swiss"]
[EventCountry "MKD"]

{[%evp 32,69,114,102,720,89,82,74,130,110,136,81,255,234,246,250,283,283,281,281,232,212,249,79,338,280,333,306,572,329,378,343,359,304,309,320,363,335,505,510]} 1. d4 Nf6 2. Nf3 g6 3. c4 Bg7 4. g3 O-O 5. Bg2 d6 6. Nc3 Nbd7 7. O-O e5 8. e4 a6 9. h3 exd4 10. Nxd4 Re8 11. Be3 Rb8 12. b3 c5 13. Nde2 {E68: King's Indian: Fianchetto: 6...Nbd7 7 0-0 e5 8 e4} b5 14. Qxd6 b4 15. Na4 Nxe4 16. Bxe4 Rxe4 (16... Bxa1 17. Rxa1 Rxe4 18. Nxc5 Re8 19. Rd1 Qe7 20. Qxe7 Rxe7 21. Nf4 Nxc5 22. Bxc5 Re8 23. Nd5 Re2 24. Nf4 Re8 25. Nd5 Re2 26. Nf4 {½-½ (26) Fridman,D (2637)-Chigaev,M (2560) Batumi 2018}) 17. Rad1 $1 {LiveBook: 21 Games. aiming for Qxb8!} Bf8 $2 {[%mdl 8192] [#]} (17... Qe8 $16) 18. Qd3 $2 (18. Qxb8 $1 $18 {[%mdl 512]} g5 (18... Nxb8 19. Rxd8) 19. Nb6 $1 {[%mdl 512]}) 18... Qe8 $16 19. Nf4 $1 Nf6 (19... a5 $142) 20. Bxc5 {Hoping for Bd6.} Bf5 $146 {[#] Strongly threatening ...Rxf4!} ({Predecessor:} 20... g5 21. Bxf8 gxf4 {1-0 (38) Khurtsidze,N (2405)-Kovalevskaya,E (2499) Nova Gorica 1999}) 21. Bxf8 (21. Qd2 $142 $1) 21... Qxf8 $2 (21... Rxf4 $16 {keeps fighting.} 22. Qd2 Rf3) 22. Qd6 $18 Qxd6 23. Rxd6 Kg7 24. Nc5 ({Don't take} 24. Rxa6 $6 Rd4 $16) 24... Re5 25. Nxa6 Rb7 26. c5 {[%cal Bc4c5,Bc5c6][%mdl 32]} g5 {[#]} 27. Nd3 $2 (27. g4 $1 $18 {[%cal Rg4f5] and the rest is easy.} gxf4 28. gxf5) 27... Re2 $2 {[%mdl 8192]} (27... Bxd3 $16 28. Rxd3 Re6) 28. Naxb4 ({Less strong is} 28. Ndxb4 Ne4 $16) 28... Bxh3 29. c6 Rc7 $2 (29... Rb8 30. Rc1 Rd2) 30. Rc1 {And now Rxf6! would win.} Ne4 31. Rd5 h6 32. Re1 Rxe1+ 33. Nxe1 Nc3 34. Re5 Kf6 (34... Kf8 {is a better defense.} 35. Nf3 Rc8) 35. Re3 {Precision: White = 50%, Black = 28%.} 1-0

[Event "European Blitz-ch 2018"]
[Site "Skopje"]
[Date "2018.12.06"]
[Round "4"]
[White "Lagarde, Maxime"]
[Black "Timerkhanov, Alexander"]
[Result "1-0"]
[WhiteElo "2616"]
[BlackElo "2366"]
[Annotator "TA"]
[PlyCount "59"]
[EventDate "2018.12.06"]
[EventType "swiss"]
[EventCountry "MKD"]

{[%evp 28,59,18,0,0,-9,68,12,17,33,392,-84,58,46,43,28,42,78,47,76,44,18,155,163,163,171,206,225,229,206,295,287,780,754]} 1. e4 c5 2. Nf3 d6 3. d4 cxd4 4. Qxd4 Nc6 5. Bb5 Bd7 6. Bxc6 Bxc6 7. Nc3 e6 8. Bg5 Nf6 9. Qd3 Be7 10. Nd4 Rc8 11. O-O-O Qa5 12. h4 O-O 13. f4 Rfe8 {B53: Sicilian: 2...d6: Lines with Qxd4} 14. f5 Bd7 15. Nb3 {LiveBook: 3 Games} Qe5 {[%cal Re6f5] The position is equal.} 16. Rhf1 Rxc3 {[#]} (16... exf5 $11 17. exf5 Ng4 18. Bxe7 Qxe7) 17. bxc3 $146 (17. Qxc3 $14 Qxe4 18. fxe6 fxe6 19. Qd4 Qxd4 20. Nxd4) ({Predecessor:} 17. Qxc3 Qxc3 18. bxc3 Nxe4 19. Bxe7 Rxe7 20. fxe6 Bxe6 21. Kb2 {½-½ (47) Voitsekhovsky,S (2527)-Averjanov,A (2376) Tula 2002}) 17... Bb5 18. c4 d5 $2 {[%mdl 8192] [#]} (18... Bc6 $14) 19. Qd4 $2 (19. Bxf6 $1 $18 Ba3+ 20. Kd2 Qxf6 21. cxb5 Qxh4 22. Qh3 Qg5+ 23. Ke2) 19... Ba3+ (19... Qxd4 $17 20. Nxd4 Bxc4 {[%mdl 64] Double Attack} 21. Bxf6 Bxf6) 20. Kb1 $14 Qxd4 21. Nxd4 Bxc4 22. Rf3 $36 {[%mdl 2048] [#] Hoping for e5. White is on the roll.} Bb4 23. Bxf6 gxf6 24. fxe6 {Strongly threatening a3.} fxe6 (24... dxe4 $11 25. Rxf6 fxe6) 25. exd5 $16 ({But not} 25. Rxf6 $6 dxe4 26. Rf4 Bd5 $14) 25... Bxd5 26. Rxf6 Kg7 27. Rf4 Bc5 28. Rg4+ Kh6 (28... Kh8 $142 29. Nb5 Bb6) 29. Rg5 $18 Be4 $2 (29... Be7) 30. Rxc5 {Accuracy: White = 36%, Black = 20%.} 1-0

[Event "European Blitz-ch 2018"]
[Site "Skopje"]
[Date "2018.12.06"]
[Round "4"]
[White "Erdos, Viktor"]
[Black "Dimitrov, Pavel"]
[Result "1-0"]
[WhiteElo "2605"]
[BlackElo "2331"]
[Annotator "TA"]
[PlyCount "171"]
[EventDate "2018.12.06"]
[EventType "swiss"]
[EventCountry "MKD"]
[SourceTitle "playchess.com"]
[Source "ChessBase"]
[SourceQuality "1"]

{[%evp 10,171,87,94,114,43,123,29,28,28,28,28,36,31,36,32,45,25,29,21,38,35,38,54,50,23,120,102,111,103,109,106,110,106,187,178,177,141,159,149,151,123,139,125,131,66,60,0,0,0,0,-36,0,0,0,0,0,0,15,2,262,267,263,262,258,258,257,0,0,0,0,0,0,0,0,0,0,2,1,0,0,0,989,948,1254,1270,1461,1461,1854,1702,1241,1076,964,1023,1514,1402,2124,2207,1893,1730,1913,1604,5177,8272,8272,921,809,640,2780,1273,29974,29975,29975,29972,29974,29975,29970,2353,29978,29979,29979,29976,29976,29977,29977,29978,29978,29979,29979,29980,29980,29979,29981,29982,29982,29983,29983,29984,29985,29986,29986,29986,29989,29987,29987,29981,29987,29988,29989,29989,29990,29991,29991,29992,29992,29993,29995,29996,29996,29997,29997,29998,29998,29999]} 1. Nf3 f5 2. d3 Nf6 3. e4 d6 4. exf5 (4. Nc3 Nc6 5. exf5 Bxf5 6. d4 Nb4 7. Bb5+ c6 8. Ba4 g6 9. O-O Bg7 10. Ne2 O-O 11. Ng3 Bd7 {1-0 (37) Ding,L (2777)-Zhang,Z (2634) China 2016}) 4... Bxf5 5. d4 c6 6. Bd3 {LiveBook: 10 Games. A04: Unusual lines after 1 Nf3 and King's Indian Attack} Qc8 $146 ({Predecessor:} 6... Bg4 7. h3 Bh5 8. Nc3 Nbd7 9. Qe2 e5 10. g4 Bf7 11. Bf4 Nd5 {1-0 (24) Tkachiev,V (2649)-Cherniaev,A (2447) Khanty-Mansiysk 2013}) 7. Bg5 (7. O-O $16) 7... Ne4 ({Black should try} 7... Qe6+ $14 8. Be3 Na6) 8. Qe2 (8. O-O $16) 8... Nxg5 $11 9. Nxg5 Bxd3 $1 10. Qxd3 Qg4 11. Qg3 Qxg3 12. hxg3 h6 13. Nc3 Na6 14. Ne6 Kd7 15. Nf4 g5 16. Ng6 $36 {[%mdl 2048] White is pushing.} Rh7 17. Ne4 {Hoping for Nxg5!} Rg7 (17... Rf7 $1 $11 {remains equal.}) 18. Nxf8+ Rxf8 19. Rxh6 g4 20. Ke2 Rgf7 {Threatens to win with ...d5.} 21. Rf1 $1 Nb4 (21... Rf5 $16) 22. c3 $18 Nd5 23. f4 gxf3+ 24. gxf3 Rg7 25. c4 Nc7 26. Ke3 b6 27. g4 (27. Rh3 $16) 27... Rxg4 $1 $14 28. fxg4 ({Better is} 28. Nf6+ $1 $14 Rxf6 29. Rxf6) 28... Rxf1 {[%mdl 4096] Endgame KRN-KRN} 29. Rh7 Re1+ 30. Kd3 Rf1 31. Ke2 Rf4 32. Ke3 Rf8 33. g5 Ne6 34. g6 Ke8 $2 {[%mdl 8192]} (34... d5 $11 {and Black has nothing to worry.} 35. Nd2 c5) 35. d5 $1 $18 {[%cal Rd5e6]} ({Inferior is} 35. g7 Rg8 $15) 35... cxd5 36. cxd5 Nc7 {[#]} 37. Nxd6+ $1 {[%mdl 512]} Kd7 {[#]} (37... exd6 38. Rxc7) 38. Ne4 $2 ({Only move:} 38. g7 $1 $18 {[%cal Rg7f8]} Nxd5+ 39. Kd4) 38... Nxd5+ $11 39. Kd4 Nf4 $1 40. g7 Ne6+ 41. Ke5 Rg8 42. Rh1 {aiming for Rd1+.} Nxg7 43. Rg1 Ke8 44. Nc3 Kf7 45. Nd5 Ne8 $2 {[%mdl 8192]} (45... Rh8 $11) 46. Rxg8 $18 Kxg8 47. Nxe7+ {KN-KN} Kf7 48. Nc8 Nc7 49. Kd6 Nb5+ 50. Kc6 Nd4+ 51. Kb7 Ke6 52. Nxa7 b5 53. Kb6 b4 54. Kc5 b3 55. a4 Ne2 56. Nb5 Kd7 57. Nd4 (57. Kc4 $142 Nf4 58. Nd4) 57... Nc3 {[#]} 58. Kb4 $1 {[%cal Rb4c3]} Nd5+ 59. Kxb3 Nc7 60. Kc4 Ne8 61. Nb5 Kc6 62. b4 Nf6 63. Nd4+ (63. Nc3 $142 Ne8 64. b5+ Kb7 65. a5 Ng7 66. Ne4 Nf5 67. Kc5 Ne7 68. Nd6+ Ka7 69. b6+ Ka6 70. b7) 63... Kb7 64. a5 {White mates.} Ne4 65. Ne6 Nd6+ 66. Kd5 Nb5 67. Nc5+ Kc7 68. Ne4 Na7 69. Kc5 Nc6 70. Nc3 Ne5 71. Nd5+ Kb7 72. b5 Nd3+ 73. Kd6 Nb2 74. a6+ Ka7 75. Kc7 Na4 76. Ne7 Nc5 77. Nc8+ Ka8 78. Kc6 Nxa6 79. bxa6 Kb8 80. Kb6 Ka8 81. Nd6 Kb8 82. Nb5 Ka8 83. Nc7+ Kb8 84. a7+ Kc8 85. a8=Q+ Kd7 86. Qe8+ {Precision: White = 65%, Black = 47%.} 1-0

[Event "European Blitz-ch 2018"]
[Site "Skopje"]
[Date "2018.12.06"]
[Round "4"]
[White "Perunovic, Milos"]
[Black "Pershin, Denis"]
[Result "0-1"]
[WhiteElo "2597"]
[BlackElo "2400"]
[Annotator "TA"]
[PlyCount "66"]
[EventDate "2018.12.06"]
[EventType "swiss"]
[EventCountry "MKD"]

{[%evp 10,66,41,24,46,33,49,52,43,30,70,77,132,9,20,25,27,24,116,106,128,128,143,129,131,131,131,127,128,123,126,116,123,106,120,56,66,0,0,0,0,0,0,0,0,0,0,0,0,0,0,0,-8,-78,-68,-884,-893,-29985,-29986]} 1. e4 c6 2. d4 d5 3. e5 Bf5 4. h4 Qb6 5. a4 a5 (5... h5 6. a5 Qc7 7. Bd3 Bxd3 8. Qxd3 e6 9. Nf3 Ne7 10. b4 Nf5 11. c3 Nd7 12. Bf4 Rc8 {½-½ (54) Inarkiev,E (2679)-Braun,A (2581) Biograd 2018}) 6. Ne2 {LiveBook: 4 Games. B12: Caro-Kann: Advance Variation} h5 7. Ng3 Bg6 $146 ({Predecessor:} 7... Bg4 8. f3 Bd7 9. c4 e6 10. c5 Qc7 11. Be3 b6 12. f4 g6 {½-½ (25) Thilakarathne,G (1900)-Laurent Paoli,P (2305) Khanty-Mansiysk 2016}) 8. Be2 {[%cal Rg3h5] White is slightly better.} e6 9. Nxh5 c5 10. Nf4 Bh7 {[#]} (10... Bf5 $142) 11. Bb5+ (11. c4 $1 $16 {[%cal Rc4d5]} cxd4 12. cxd5) 11... Nc6 $1 $11 12. c3 $36 {[%mdl 2048] White is pushing.} cxd4 13. cxd4 Bxb1 (13... g5 $11) 14. Rxb1 $16 Bb4+ 15. Kf1 Nge7 16. g4 O-O-O 17. Be3 g5 18. Nh5 gxh4 19. Rxh4 Kb8 20. Rc1 Ka8 21. Kg2 Rdg8 22. Rh3 (22. Kh1 $16) 22... Nf5 $1 $14 {[%cal Rc6d4]} 23. Nf6 ({White should play} 23. Bxc6 $14 bxc6 24. Kf3 Nxe3 25. fxe3) 23... Rxh3 $11 24. Kxh3 Rh8+ 25. Kg2 Nxe3+ 26. fxe3 Nxe5 $1 27. dxe5 Qxe3 {[#] ( -> ...Qh3+)} 28. Nh5 $1 Qxe5 29. Qe2 Qg5 30. Rh1 Bd6 31. Bd3 (31. Ng3 $11 {remains equal.} Rg8 32. b3) 31... f5 $17 {[%cal Bf7f5,Bf5g4][%mdl 32]} 32. Qf3 $2 {[%mdl 8192]} (32. Ng3 $15 Rxh1 33. Nxh1) 32... fxg4 $19 33. Qf6 Qd2+ {[%mdl 64] Double Attack. Accuracy: White = 31%, Black = 60%.} 0-1